Weird But True! 3 Quiz - Statistics

General Stats
  • This quiz has been taken 69 times
  • The average score is 14 of 30
Answer Stats
Question Answer % Correct
What color can make your heart beat faster just by looking at it? Red
92%
Which fruit has more sugar, lemons or strawberries? Lemons
85%
What is the world's fastest snake? Black Mamba
69%
Volcanic eruptions can unearth diamonds. True or false? True
69%
What is a 'funambulist'? A tightrope walker
62%
What is chromophobia the fear of? Colors
62%
Which gender has more cases of color blindness? Men
62%
How many different songs can a canary sing simultaneously? Two (2)
62%
Giraffes have less neck bones than humans. True, false, or false? False; they have the same amount as humans
54%
What are Saturn's rings made of? Ice and rock
54%
Which gender's heart typically beats faster? Women's
54%
What is a 'geep'? A goat/sheep hybrid
46%
Which is larger, the surface of the moon or Asia? Asia
46%
What is a group of jellyfish called? A smack
46%
What are male and female woodpeckers called? He-Chucks (M) & She-Chucks (F)
46%
How many hearts does an octopus have? Three (3)
46%
How long can a rock python live for without eating? 1 year
38%
A meteorite once hit what object in the U.S. state of Georgia? A mailbox
38%
What type of snow melts faster? Dirty snow
38%
How long is the world's largest swimming pool? Half a mile
38%
Which of these city names is the name of a city on every continent (except for Antarctica, of course)? Rome
38%
What animal has the heaviest brain on the planet? Sperm whale
38%
Skunks have striped skin under their fur. True or false? True
38%
What do raw termites taste like? Pineapple
31%
Which animal has a better sense of smell, a salmon or a dog? A salmon
23%
What is the oldest known age a koi fish has lived to? 226 years
15%
Which country was once home to a hotel made out of garbage bags? Italy
15%
How many ears does a praying mantis have? One (1)
15%
How many letters are in the Hawaiian alphabet? Thirteen (13)
15%
How many muscles does a cat have in each ear? Twenty (20)
15%
No matching quizzes found
Score Distribution
Percent of People with Each Score
Percentile by Number Answered
Your Score History
You have not taken this quiz